Real Madrid squad - Statistics

General Stats
  • This quiz has been taken 105 times
  • The average score is 18 of 22
Answer Stats
Answer % Correct
Croatia Luka Modric
99%
Brazil Vinicius Junior
99%
Uruguay Federico Valverde
98%
Brazil Rodrygo
98%
England Jude Bellingham
97%
France Eduardo Camavinga
94%
France Kylian Mbappe
94%
Germany Antonio Rudiger
93%
Turkey Arda Guler
92%
Austria David Alaba
92%
Brazil Eder militao
92%
Spain Dani Carvajal
89%
Belgium Thibaut Courtois
88%
Ukraine Andriy Lunin
84%
France Aurélien Tchouaméni
84%
Morocco Brahim Díaz
81%
France Ferland Mendy
81%
Brazil Endrick
78%
Spain Lucas vazquez
63%
Spain Dani Ceballos
56%
Spain Raul Asencio
49%
Spain Jesús Vallejo
44%
No matching quizzes found
Score Distribution
Percent of People with Each Score
Percentile by Number Answered
Your Score History
You have not taken this quiz